000 00659nam a2200217 i 4500
001 128410
003 ES-MaACL
005 20250809063518.0
007 t|
008 070510s1977 sp ||||1| spa d
080 _a338.98
080 _a502.33
100 1 _aTamames, Ramón,
_d1933-
_9237391
245 1 0 _aEcología y desarrollo
_b: la polémica sobre los límites del desarrollo /
_cRamón Tamames.
260 _a[Madrid] :
_bAlianza,
_c[1977]
300 _a209 p. ;
_c20 cm.
490 1 _aAlianza universidad ;
_v198
830 0 _aAlianza universidad ;
_v198
_9177276
852 _aES-MaACL
_jA-7804
_bR.96915
999 _c128410
_d128410